[Event "25th European Teams Women"]
[Site "Batumi GEO"]
[Date "2025.10.14"]
[Round "9.18"]
[Board "4"]
[White "Almeida, Marta Dias"]
[Black "Hajdinic, Ema"]
[Result "1/2-1/2"]
[WhiteTitle "WCM"]
[BlackTitle "WCM"]
[WhiteElo "1925"]
[BlackElo "2058"]
[WhiteTeam "Portugal"]
[BlackTeam "Croatia"]
[WhiteFideId "1956060"]
[BlackFideId "14567059"]
[EventDate "2025.10.05"]

1. d4 Nf6 2. c4 e6 3. Nf3 d5 4. Nc3 Be7 5. Bf4 O-O 6. e3 b6 7. cxd5 Nxd5 8. Bg3
c5 9. Bd3 Ba6 10. O-O Bxd3 11. Qxd3 Nc6 12. Rfd1 cxd4 13. Nxd4 Nxd4 14. Qxd4 Bf6
15. Be5 Bxe5 16. Qxe5 Qf6 17. Qxf6 Nxf6 18. Rd4 Rfd8 19. Rad1 Rxd4 20. Rxd4 Rc8
21. f3 Kf8 22. Kf2 Ke7 23. e4 Nd7 24. Ke3 Ne5 25. Ke2 Nc4 26. Nd1 Nd6 27. Ne3
Rc1 28. Rd1 Rxd1 29. Nxd1 Kd7 30. Kd3 Kc6 31. Ne3 Kc5 32. Kc3 a5 33. a3 Nb5+ 34.
Kd3 Nd6 35. Kc3 Nb5+ 36. Kd3 Nd6 37. Kc3 Nb5+ 1/2-1/2